书目信息 |
| 题名: |
我们和你们
|
|
| 作者: | 李萍 主编 | |
| 分册: | 中国和泰国的故事 | |
| 出版信息: | 北京 五洲传播出版社 2017 |
|
| 页数: | 223页 | |
| 开本: | 23cm | |
| 丛书名: | ||
| 单 册: | ||
| 中图分类: | D822.233.6 , D822.233 | |
| 科图分类: | ||
| 主题词: | 中外关系--友好往来--泰国 | |
| 电子资源: | ||
| ISBN: | 978-7-5085-3580-7 | |
| 000 | 00799nam0 2200229 450 | |
| 001 | 3631 | |
| 005 | 20180527172350.39 | |
| 010 | @a978-7-5085-3580-7@dCNY56.00 | |
| 100 | @a20170328d2017 em y0chiy50 ea | |
| 101 | 0 | @achi |
| 102 | @aCN@b110000 | |
| 105 | @aa z 000yy | |
| 200 | 1 | @a我们和你们@9wo men he ni men@i中国和泰国的故事@f李萍主编 |
| 210 | @a北京@c五洲传播出版社@d2017 | |
| 215 | @a223页@c彩图,彩照@d23cm | |
| 330 | @a本书收录的文章,反映了中泰建交以后两国人民为增进传统友谊而添砖加瓦的故事。包括《历史的回顾》《我在中国的故事》《我和我的两所母校》《我在泰国的日子》《我的泰语人生》等。 | |
| 606 | 0 | @a中外关系@x友好往来@y泰国 |
| 690 | @aD822.233.6@v5 | |
| 690 | @aD822.233@v4 | |
| 701 | 0 | @a李萍@9li ping@4主编 |
| 801 | 0 | @aCN@b91MARC@c20170328 |
| 905 | @aMuseLib@dD822.233@e189 | |
| 我们和你们.中国和泰国的故事/李萍主编.-北京:五洲传播出版社,2017 |
| 223页:彩图,彩照;23cm |
| ISBN 978-7-5085-3580-7:CNY56.00 |
| 本书收录的文章,反映了中泰建交以后两国人民为增进传统友谊而添砖加瓦的故事。包括《历史的回顾》《我在中国的故事》《我和我的两所母校》《我在泰国的日子》《我的泰语人生》等。 |
| ● |
| 相关链接 |
|
|
|
|
正题名:我们和你们
索取号:D822.233/189
 
预约/预借
| 序号 | 登录号 | 条形码 | 馆藏地/架位号 | 状态 | 备注 |
| 1 | 1109980 | 211099808 | 第一样本阅览室/ [索取号:D822.233/189] | 在馆 | |
| 2 | 1109981 | 211099817 | 教育系资料室/ [索取号:D822.233/189] | 在馆 | |
| 3 | 1109982 | 211099826 | 教育系资料室/ [索取号:D822.233/189] | 在馆 | |
| 4 | 1109983 | 211099835 | 第一借阅区/ [索取号:D822.233/189] | 在馆 |